NBA Most 3-Pointers Made - Statistics

General Stats
  • This quiz has been taken 178 times
    156 since last reset
  • The average score is 19 of 50
Answer Stats
Hint Answer % Correct
3,117 Stephen Curry
100%
2,973 Ray Allen
96%
2,140 LeBron James
95%
2,593 James Harden
91%
2,560 Reggie Miller
80%
1,912 Klay Thompson
79%
1,590 Mike Miller
77%
2,143 Damian Lillard
70%
1,770 Kevin Durant
69%
1,827 Kobe Bryant
68%
1,544 Chris Paul
57%
1,852 Paul George
56%
2,450 Kyle Korver
55%
1,685 Steve Nash
53%
1,982 Dirk Nowitzki
49%
1,988 Jason Kidd
48%
2,143 Paul Pierce
46%
1,731 Carmelo Anthony
41%
2,290 Vince Carter
40%
1,417 Buddy Hield
39%
1,561 Danny Green
37%
1,495 Manu Ginobili
37%
1,978 Joe Johnson
36%
1,971 Kyle Lowry
34%
1,930 J.R. Smith
34%
1,434 Bradley Beal
30%
1,467 Kevin Love
29%
1,950 JJ Redick
26%
1,457 Lou Williams
25%
1,760 Peja Stojakovic
24%
1,489 Mike Conley
23%
1,830 Chauncey Billups
21%
2,282 Jason Terry
21%
1,746 Eric Gordon
20%
2,221 Jamal Crawford
20%
1,663 Kemba Walker
18%
1,546 Eddie Jones
17%
1,542 Tim Hardaway
13%
1,787 Rashard Lewis
12%
1,605 Trevor Ariza
11%
1,559 Glen Rice
11%
1,517 Mike Bibby
11%
1,782 Wesley Matthews
9%
1,465 Nicolas Batum
8%
1,719 Dale Ellis
8%
1,447 Patty Mills
7%
1,608 Jason Richardson
7%
1,528 Nick Van Exel
3%
1,426 Danilo Gallinari
2%
1,454 Michael Finley
2%
No matching quizzes found
Score Distribution
Percent of People with Each Score
Percentile by Number Answered
Your Score History
You have not taken this quiz since the last reset